Journal of Agronomy, Technology and Engineering Management | University Business Academy, Faculty of Economics and Engineering Management, Novi Sad, Serbia

Manylion Llyfryddiaeth
Fformat: Electronig Cylchgrawn
Iaith:English
Cyhoeddwyd: Cambridge University Press
Mynediad Ar-lein:Full text available on Research4Life (HINARI,AGORA,OARE,ARDI & GOALI)
LEADER 00825cas a2200169 a 4500
001 AALejournalResearch4Life014998
008 240902c9999 xx r poo 0 0eng d
022 |a 26201755 
040 |a BD-DhAAL  |c BD-DhAAL 
245 0 0 |h [electronic resource]  |a Journal of Agronomy, Technology and Engineering Management | University Business Academy, Faculty of Economics and Engineering Management, Novi Sad, Serbia 
260 |b Cambridge University Press 
300 |a 1 online resource 
362 0 |a 2018 - current issue 
500 |a <strong>On-Campus Access Only (IP based access)</strong> 
506 |a Electronic access restricted to authorized BRAC University faculty, staff and students 
538 |a Mode of access: Internet 
856 4 0 |z Full text available on Research4Life (HINARI,AGORA,OARE,ARDI & GOALI)  |u http://www.fimek.edu.rs/jatem